000 00443cam a2200181ua 4500
041 _aeng
_h
082 _a823.301
_bHIL/CO
100 _aHill, L.A .
245 0 0 _aContemporary short stories /
_cL.A Hill.
_hTextual Documents
260 _aCalcutta :
_bOxford University Press ,
_c1970.
300 _a133 ; .
504 _a
942 _cBK
999 _c7784
_d7784